| 000 | 00349nam a22001457a 4500 | ||
|---|---|---|---|
| 003 | SGT | ||
| 082 |
_a610.7367 _bB19B |
||
| 100 | _aBLACK, JOYCE M. | ||
| 245 | _aBLACK'S MEDICAL SURGICAL NURSING -II | ||
| 250 | _a1ST S.A. | ||
| 260 |
_aINDIA _bELSEVIER PUB _c2019 |
||
| 300 | _a2245 | ||
| 650 | _aBLACK'S MEDICAL SURGICAL NURSING | ||
| 942 |
_2ddc _cBK |
||
| 999 |
_c21943 _d21943 |
||